[Event "VIE-ch U15"]
[Site "Ho Chi Minh City"]
[Date "2014.07.13"]
[Round "1"]
[White "Nguyen, Truong Canh"]
[Black "Ngo, Quang Nhat"]
[Result "0-1"]
[WhiteElo "1866"]
[BlackElo "1867"]
[PlyCount "78"]
[EventDate "2014.07.13"]
[EventType "swiss"]
[EventRounds "9"]
[EventCountry "VIE"]
[SourceTitle "EXT 2016"]
[Source "ChessBase"]
[SourceDate "2015.10.08"]
[SourceVersion "1"]
[SourceVersionDate "2015.10.08"]
[SourceQuality "1"]

1. d4 Nf6 2. Nf3 g6 3. Bg5 Bg7 4. e3 0-0 5. Nbd2 d6 6. h3 c5 7. c3 Bf5 8. Bc4 Qc7 9. 0-0 Nc6 10. Re1 Na5 11. Bf1 d5 12. Rc1 c4 13. Ne5 Nc6 14. Nxc6 Qxc6 15. Bxf6 Bxf6 16. Qf3 Rfe8 17. e4 Be6 18. Rb1 Bg5 19. Red1 Bxd2 20. Rxd2 dxe4 21. Qe2 f5 22. Re1 Bd5 23. g4 Kh8 24. Bg2 Rg8 25. Rf1 f4 26. f3 e3 27. Rc2 g5 28. Qe1 Bf7 29. h4 Bg6 30. Re2 Bd3 31. hxg5 Bxe2 32. Qxe2 Rxg5 33. Qe1 Qh6 34. b3 cxb3 35. axb3 Rg6 36. c4 Qg5 37. Qe2 Qh4 38. Rd1 Rag8 39. Qd3 Qf2+ 0-1